Statistiques concernant Chansons d'Orelsan

Cliquez ici pour prendre le quiz!

Statistiques générales

  • Ce quiz a été pris 106 fois
  • Le résultat moyen est 7 sur 18

Statistiques - réponses

Phrases Chansons d'origine % Correct
Vous n'avez pas les basesBasique
88%
Tu peux courir à l'infini, à la poursuite du bonheur la Terre est ronde autant l'attendre iciLa terre est ronde
87%
Aujourd'hui, j'mettrais ni ma chemise ni ma cravate, j'irais pas jusqu'au travail, j'donnerais pas la patteSuicide social
56%
Les doigts dans la prise on est des mecs branchés, on roule sur les essieux on est déjantésIls sont cools
53%
J'te détestes, j'veux qu'tu crèves lentement j'veux qu'tu tombes enceinte et qu'tu perdes l'enfantSale pute
47%
J'ai raté mon bus alors j'cours à côté, dix secondes après j'ai déjà des points d'côtéBloqués
44%
L'avenir appartient à ceux qui s'lèvent à l'heure où j'me coucheA l'heure où j'me couche
44%
J'viens doigter noires et blanches comme si j'étais pianisteIls sont cools
34%
Alors je comprends que tu voudrais faire un feat Mais moi j’voudrais un BicMac et une grande friteJimmy punchline
32%
J'suis d'retour avec ma sous-culture, ouais, sauf que c'est nous l'futur hein, c'est nous l'futur !Raelsan
30%
T'inquiètes pas, seuls les faibles se font bouffer par le systèmeLe chant des sirènes
30%
J'pourrais passer sur Sky si mon single s'appelait Fun radioJimmy punchline
27%
Quand j'grandissais j'remplissais des trous avec du vide, J'peux pas dev'nir le plus intelligent, j's'rais l'plus stupide !Si seul
27%
J'te jure je t'aime, j'veux qu'tu m'reviennes, j'veux qu'tu m'reprennes, juste une deuxième chance, l'ignorance est l'une des pires souffrancesFinir mal
26%
C'est pas parce que t'es la plus bonne du village que t'es bonneGros poisson dans une petite mare
26%
La mort c'est la finale, le sommeil c'est l'entrainementElle viendra quand même
22%
Demain on prendra l'temps d'regretter ce qu'on a fait la veilleSoirée ratée
13%
Avant j'voulais construire ma vie avec mes beaux diplômes, Depuis j'ai vu Eight Miles et j'rêve d'habiter dans un mobil-homeDifférent
9%

Distribution des résultats

Percentile par nombre de réponses

% des personnes avec chaque résultat

Votre développement - résultats

Vous n’avez pas pris ce quiz